[Event "FICGS W-ch st2 g03 email"]
[Site "FICGS email"]
[Date "2014.12.09"]
[Round "1"]
[White "Simashkevitch, Mykola"]
[Black "Permykov, Andrey"]
[Result "1/2-1/2"]
[WhiteElo "2136"]
[BlackElo "2081"]
[PlyCount "73"]
[EventDate "2014.??.??"]
[EventType "tourn (corr)"]
[EventRounds "8"]
[SourceTitle "Corr 2022"]
[Source "ChessBase"]
[SourceDate "2021.10.24"]
[SourceVersion "1"]
[SourceVersionDate "2021.10.24"]
[SourceQuality "1"]

1. e4 c5 2. Nf3 d6 3. d4 cxd4 4. Nxd4 Nf6 5. Nc3 a6 6. Be3 e6 7. f3 b5 8. Qd2 Nbd7 9. g4 b4 10. Nce2 h6 11. 0-0-0 Qc7 12. h4 d5 13. Bf4 e5 14. Bh2 dxe4 15. g5 hxg5 16. hxg5 Rxh2 17. Rxh2 exd4 18. Rh8 Nd5 19. Qxd4 Bb7 20. fxe4 N5b6 21. Qxb4 0-0-0 22. Qb3 Bxe4 23. a4 Bd6 24. Rxd8+ Kxd8 25. Nc3 Nc5 26. Qa2 Bf3 27. Be2 Bxe2 28. Nxe2 Qe7 29. Nc3 Qxg5+ 30. Kb1 Qf4 31. Ne2 Qe5 32. Qxf7 Nbxa4 33. Nd4 Kc8 34. Qa7 g5 35. Qa8+ Kc7 36. Qa7+ Kc8 37. Qa8+ 1/2-1/2

[Event "FICGS W-ch st1 g06 email"]
[Site "FICGS email"]
[Date "2014.11.01"]
[Round "1"]
[White "Simashkevitch, Mykola"]
[Black "Delaney, Alan"]
[Result "1/2-1/2"]
[WhiteElo "2136"]
[BlackElo "2067"]
[PlyCount "85"]
[EventDate "2014.??.??"]
[EventType "tourn (corr)"]
[EventRounds "8"]
[SourceTitle "Corr 2022"]
[Source "ChessBase"]
[SourceDate "2021.10.24"]
[SourceVersion "1"]
[SourceVersionDate "2021.10.24"]
[SourceQuality "1"]

1. e4 e5 2. Nf3 Nf6 3. Nxe5 d6 4. Nf3 Nxe4 5. d4 d5 6. Bd3 Nc6 7. 0-0 Be7 8. c4 Nb4 9. Be2 0-0 10. Nc3 Bf5 11. a3 Nxc3 12. bxc3 Nc6 13. Re1 Re8 14. cxd5 Qxd5 15. Bf4 Rac8 16. h3 h6 17. Nd2 Na5 18. Bf3 Qd7 19. Ne4 Rcd8 20. Ra2 b6 21. Rae2 Bxa3 22. Bg4 Be6 23. Bxh6 Bxg4 24. Nf6+ gxf6 25. Rxe8+ Rxe8 26. Rxe8+ Kh7 27. Qe1 Kxh6 28. Qe4 Kg7 29. Qa8 f5 30. Rh8 Bf3 31. gxf3 Bc1 32. h4 Bf4 33. Qf8+ Kf6 34. h5 Qd6 35. Qg8 Qe6 36. h6 Qe1+ 37. Kg2 Nc4 38. Qd8+ Kg6 39. Rg8+ Kh5 40. Re8 Ne3+ 41. Rxe3 Bxe3 42. fxe3 f4 43. exf4 1/2-1/2

[Event "FICGS W-ch st1 g06 email"]
[Site "FICGS email"]
[Date "2014.11.01"]
[Round "1"]
[White "Simashkevitch, Mykola"]
[Black "Zmolil, Josef"]
[Result "1-0"]
[WhiteElo "2136"]
[BlackElo "1319"]
[PlyCount "55"]
[EventDate "2014.??.??"]
[EventType "tourn (corr)"]
[EventRounds "8"]
[SourceTitle "Corr 2022"]
[Source "ChessBase"]
[SourceDate "2021.10.24"]
[SourceVersion "1"]
[SourceVersionDate "2021.10.24"]
[SourceQuality "1"]

1. e4 e6 2. d4 d5 3. Nc3 Bb4 4. e5 c5 5. a3 Bxc3+ 6. bxc3 Ne7 7. Qg4 0-0 8. Bd3 c4 9. Bh6 Ng6 10. Bxg6 fxg6 11. Be3 Nc6 12. h4 Qe8 13. h5 gxh5 14. Rxh5 Ne7 15. Ne2 Rf5 16. Rh4 Qg6 17. Qh3 Bd7 18. Kd2 Raf8 19. Nf4 Rxf4 20. Rxf4 Rxf4 21. Bxf4 Ba4 22. Rc1 h6 23. g4 Qf7 24. Be3 Qg6 25. Qh5 Qxh5 26. gxh5 Be8 27. Rb1 b6 28. Rh1 1-0

[Event "FICGS W-ch st1 g06 email"]
[Site "FICGS email"]
[Date "2014.11.01"]
[Round "1"]
[White "Tarmak, Mart"]
[Black "Simashkevitch, Mykola"]
[Result "1/2-1/2"]
[WhiteElo "2000"]
[BlackElo "2136"]
[PlyCount "30"]
[EventDate "2014.??.??"]
[EventType "tourn (corr)"]
[EventRounds "8"]
[SourceTitle "Corr 2022"]
[Source "ChessBase"]
[SourceDate "2021.10.24"]
[SourceVersion "1"]
[SourceVersionDate "2021.10.24"]
[SourceQuality "1"]

1. e4 e5 2. f4 exf4 3. Nf3 g5 4. h4 g4 5. Ne5 d6 6. Nxg4 Nf6 7. Nxf6+ Qxf6 8. Nc3 Nc6 9. Nd5 Qg6 10. d3 Qg3+ 11. Kd2 Nb4 12. Nxc7+ Kd8 13. Nxa8 Qe3+ 14. Kc3 Qc5+ 15. Kd2 Qe3+ 1/2-1/2

[Event "FICGS W-ch st1 g06 email"]
[Site "FICGS email"]
[Date "2014.11.01"]
[Round "1"]
[White "Vollmer, Steve"]
[Black "Simashkevitch, Mykola"]
[Result "0-1"]
[WhiteElo "1497"]
[BlackElo "2136"]
[PlyCount "86"]
[EventDate "2014.??.??"]
[EventType "tourn (corr)"]
[EventRounds "8"]
[SourceTitle "Corr 2022"]
[Source "ChessBase"]
[SourceDate "2021.10.24"]
[SourceVersion "1"]
[SourceVersionDate "2021.10.24"]
[SourceQuality "1"]

1. d4 d5 2. c4 c6 3. cxd5 cxd5 4. Nc3 Nf6 5. Nf3 e6 6. e3 Nbd7 7. Bd3 Be7 8. 0-0 0-0 9. b3 a6 10. Bb2 b5 11. a3 Bb7 12. Rc1 Rc8 13. Qe2 Ne4 14. b4 Nb6 15. Ne5 f6 16. Nf3 Bd6 17. Nd2 Nxd2 18. Qxd2 Nc4 19. Qe2 f5 20. f4 Rf6 21. Nd1 Rg6 22. Qf2 Ra8 23. Ra1 a5 24. Nc3 axb4 25. axb4 Bxb4 26. Rxa8 Qxa8 27. Ra1 Qe8 28. Nb1 Bd6 29. Bc1 Rf6 30. Nd2 Rf7 31. Nb3 Rc7 32. Bd2 Qe7 33. Qe1 Bc6 34. Qb1 h6 35. Ra6 b4 36. Qa2 Bb5 37. Ra8+ Kh7 38. Be1 Nxe3 39. Bxb5 Rc2 40. Qa7 Rxg2+ 41. Kh1 Qf6 42. Be8 Bxf4 43. Bg3 Bxg3 0-1

[Event "OP-2014-0-03501"]
[Site "LSS email"]
[Date "2014.09.19"]
[Round "?"]
[White "Timing, Jan"]
[Black "Simashkevitch, Mykola"]
[Result "1/2-1/2"]
[WhiteElo "1254"]
[BlackElo "1988"]
[PlyCount "81"]
[EventDate "2014.09.08"]
[EventType "tourn (corr)"]
[EventRounds "4"]
[EventCountry "GER"]
[SourceTitle "Corr 2015"]
[Source "ChessBase"]
[SourceDate "2015.07.17"]
[SourceVersion "1"]
[SourceVersionDate "2015.07.17"]
[SourceQuality "1"]

1. e4 e5 2. Nf3 Nc6 3. Bb5 a6 4. Bxc6 dxc6 5. 0-0 Bg4 6. h3 h5 7. d3 Qf6 8. Nbd2 Ne7 9. Re1 Ng6 10. d4 Nf4 11. hxg4 hxg4 12. g3 gxf3 13. Qxf3 Ne6 14. dxe5 Qxe5 15. Qf5 Qb5 16. a4 Qb6 17. a5 Qb5 18. Qxb5 cxb5 19. Nf3 Bc5 20. Kg2 0-0-0 21. c3 Be7 22. Be3 b4 23. Ne5 Rh5 24. f4 f6 25. Ng6 Bc5 26. Bxc5 Rxc5 27. e5 fxe5 28. cxb4 Rc2+ 29. Kh3 Rxb2 30. Rxe5 Nd4 31. Kg4 Rxb4 32. Ne7+ Kb8 33. Rg5 Nc2 34. Ra2 Ne3+ 35. Kh5 Rb5 36. Re2 Nf1 37. Ree5 c6 38. Kg6 Nd2 39. Re2 Nf3 40. Rxb5 axb5 41. Kxg7 1/2-1/2

[Event "FICGS rapid M 000074 email"]
[Site "FICGS email"]
[Date "2014.07.15"]
[Round "1"]
[White "Simashkevitch, Mykola"]
[Black "Flores, Luis"]
[Result "1/2-1/2"]
[WhiteElo "2111"]
[BlackElo "2105"]
[PlyCount "94"]
[EventDate "2014.??.??"]
[EventType "tourn (rapid)"]
[EventRounds "6"]
[SourceTitle "Corr 2022"]
[Source "ChessBase"]
[SourceDate "2021.10.24"]
[SourceVersion "1"]
[SourceVersionDate "2021.10.24"]
[SourceQuality "1"]

1. e4 c5 2. Nf3 d6 3. d4 cxd4 4. Nxd4 Nf6 5. Nc3 a6 6. Be3 e5 7. Nb3 Be6 8. f3 Be7 9. Qd2 0-0 10. 0-0-0 Nbd7 11. g4 b5 12. g5 b4 13. gxf6 bxc3 14. Qxc3 Nxf6 15. Na5 Rc8 16. Nc6 Qc7 17. Nxe7+ Qxe7 18. Qa5 Rc6 19. Rg1 Rfc8 20. c3 Nd7 21. Bg5 f6 22. Bh6 g6 23. Be3 Nc5 24. Kb1 Rb8 25. Rg2 Nb7 26. Qa3 Bh3 27. Rgd2 Bxf1 28. Rxf1 Qc7 29. Rd5 Nd8 30. Ka1 Nf7 31. Rc1 Qc8 32. Qa4 Rc7 33. Qd1 Rb5 34. Rxb5 axb5 35. h4 Kg7 36. a3 Qh3 37. Qe2 Rb7 38. Bf2 Rb8 39. Rd1 Rc8 40. Rd5 Rb8 41. Be1 f5 42. exf5 Qxf5 43. Bg3 Qe6 44. Qd1 Qh3 45. Bf2 Qg2 46. Qe2 Qh3 47. Be1 Qd7 1/2-1/2

[Event "FICGS class A 000153 email"]
[Site "FICGS email"]
[Date "2014.07.04"]
[Round "1"]
[White "Cooke, Tristrom"]
[Black "Simashkevitch, Mykola"]
[Result "1-0"]
[WhiteElo "2171"]
[BlackElo "2111"]
[PlyCount "89"]
[EventDate "2014.??.??"]
[EventType "tourn (corr)"]
[EventRounds "6"]
[SourceTitle "Corr 2022"]
[Source "ChessBase"]
[SourceDate "2021.10.24"]
[SourceVersion "1"]
[SourceVersionDate "2021.10.24"]
[SourceQuality "1"]

1. e4 e5 2. Nf3 Nc6 3. Bc4 Bc5 4. c3 Nf6 5. d4 exd4 6. e5 d5 7. Bb5 Ne4 8. cxd4 Bb6 9. Nc3 0-0 10. Be3 Bg4 11. h3 Bh5 12. Qc2 Bxf3 13. gxf3 Ng5 14. Bxc6 bxc6 15. Qf5 f6 16. 0-0-0 fxe5 17. Qxg5 Qxg5 18. Bxg5 Bxd4 19. f4 h6 20. Bh4 Rxf4 21. Bg3 Rf3 22. Rhe1 Raf8 23. Rd2 R8f5 24. Nd1 Kf7 25. Rc2 c5 26. Ne3 Bxe3+ 27. Rxe3 Rxe3 28. fxe3 Ke6 29. e4 Rf3 30. exd5+ Kxd5 31. Rc3 Rxc3+ 32. bxc3 g5 33. Kd2 Ke4 34. Ke2 c6 35. a4 h5 36. a5 a6 37. Bf2 Kd5 38. Kd3 c4+ 39. Kd2 g4 40. hxg4 hxg4 41. Ke2 e4 42. Be3 c5 43. Kf2 Kc6 44. Kg3 Kb5 45. Kxg4 1-0

[Event "FICGS class A 000153 email"]
[Site "FICGS email"]
[Date "2014.07.04"]
[Round "1"]
[White "Josse, Mark"]
[Black "Simashkevitch, Mykola"]
[Result "1/2-1/2"]
[WhiteElo "2016"]
[BlackElo "2111"]
[PlyCount "84"]
[EventDate "2014.??.??"]
[EventType "tourn (corr)"]
[EventRounds "6"]
[SourceTitle "Corr 2022"]
[Source "ChessBase"]
[SourceDate "2021.10.24"]
[SourceVersion "1"]
[SourceVersionDate "2021.10.24"]
[SourceQuality "1"]

1. e4 e5 2. Nf3 Nc6 3. d4 exd4 4. Nxd4 Bc5 5. Nxc6 Qf6 6. Qf3 dxc6 7. Nc3 Be6 8. Be3 Bb4 9. Qxf6 Nxf6 10. f3 Bxc3+ 11. bxc3 a5 12. Bd3 0-0-0 13. a3 Nd7 14. f4 f6 15. Rb1 Rhe8 16. Kf2 Ba2 17. Rb2 Bf7 18. g4 g5 19. fxg5 Ne5 20. Be2 Bc4 21. Bd1 Be6 22. Bf4 Nc4 23. Rb1 fxg5 24. Bxg5 Rd7 25. Kg3 Nxa3 26. Ra1 Nc4 27. Be2 b6 28. h3 Nd6 29. Bf3 Bc4 30. Rhe1 Nf7 31. Bf6 Rd2 32. g5 Rxc2 33. Bg4+ Be6 34. Bf5 Bxf5 35. exf5 Rf8 36. Re7 Nd6 37. Kg4 h6 38. h4 hxg5 39. hxg5 Rf2 40. Re5 Kb7 41. Rae1 Rg2+ 42. Kf4 Rf2+ 1/2-1/2

[Event "FICGS class A 000153 email"]
[Site "FICGS email"]
[Date "2014.07.04"]
[Round "1"]
[White "Moormann, Joerg"]
[Black "Simashkevitch, Mykola"]
[Result "1/2-1/2"]
[WhiteElo "2048"]
[BlackElo "2111"]
[PlyCount "79"]
[EventDate "2014.??.??"]
[EventType "tourn (corr)"]
[EventRounds "6"]
[SourceTitle "Corr 2022"]
[Source "ChessBase"]
[SourceDate "2021.10.24"]
[SourceVersion "1"]
[SourceVersionDate "2021.10.24"]
[SourceQuality "1"]

1. e4 e5 2. Nf3 Nc6 3. Bb5 Nf6 4. 0-0 Nxe4 5. d4 Nd6 6. Bxc6 dxc6 7. dxe5 Nf5 8. Qxd8+ Kxd8 9. Nc3 Ke8 10. Rd1 Ne7 11. Nd4 Ng6 12. Ne4 Be7 13. f4 Nh4 14. Kf2 Nf5 15. Nf3 Nh4 16. Nd4 Nf5 17. Nf3 Be6 18. b3 Bd5 19. Nfd2 Rd8 20. Bb2 c5 21. Nc3 Bc6 22. Nf3 c4 23. Ke2 Bc5 24. Rxd8+ Kxd8 25. Na4 Bb4 26. g4 Ne7 27. Bc3 Nd5 28. Bxb4 Nxb4 29. Nc3 Nxc2 30. Rd1+ Kc8 31. bxc4 f6 32. Nd5 Re8 33. g5 fxe5 34. Nxe5 Bxd5 35. cxd5 Rd8 36. Kd3 Na3 37. Ke3 Nb5 38. Rd3 Nd6 39. Kf3 h6 40. Kg4 1/2-1/2

[Event "FICGS W-ch st1 g10 email"]
[Site "FICGS email"]
[Date "2014.03.03"]
[Round "1"]
[White "Simashkevitch, Mykola"]
[Black "Fric, Lubos"]
[Result "1/2-1/2"]
[WhiteElo "2088"]
[BlackElo "2064"]
[PlyCount "78"]
[EventDate "2014.??.??"]
[EventType "tourn (corr)"]
[EventRounds "8"]
[SourceTitle "Corr 2022"]
[Source "ChessBase"]
[SourceDate "2021.10.24"]
[SourceVersion "1"]
[SourceVersionDate "2021.10.24"]
[SourceQuality "1"]

1. e4 c5 2. Nf3 d6 3. d4 cxd4 4. Nxd4 Nf6 5. Nc3 a6 6. Be3 e5 7. Nb3 Be6 8. f3 Be7 9. Qd2 h5 10. Nd5 Nxd5 11. exd5 Bc8 12. a4 Bf5 13. Na5 Nd7 14. Ra3 Qc7 15. Nc4 0-0 16. a5 Rae8 17. Be2 e4 18. f4 Bg4 19. 0-0 Bxe2 20. Qxe2 f5 21. Rd1 g6 22. Rb3 Rc8 23. Rb4 Rf7 24. Qf2 Kh7 25. Qe2 Qb8 26. Ra1 Rc7 27. Ra3 Rg7 28. Rab3 Qc8 29. Bd4 Bf6 30. Be3 Nc5 31. Ra3 Qf8 32. Bf2 Qf7 33. Qd1 Qe7 34. Kh1 Rf7 35. Qe2 Bg7 36. Ra1 Rf8 37. Be3 Bf6 38. Kg1 Nd7 39. Re1 Rfc8 1/2-1/2

[Event "FICGS W-ch st1 g10 email"]
[Site "FICGS email"]
[Date "2014.03.03"]
[Round "1"]
[White "Simashkevitch, Mykola"]
[Black "Roe, Philip"]
[Result "1-0"]
[WhiteElo "2088"]
[BlackElo "1966"]
[PlyCount "79"]
[EventDate "2014.??.??"]
[EventType "tourn (corr)"]
[EventRounds "8"]
[SourceTitle "Corr 2022"]
[Source "ChessBase"]
[SourceDate "2021.10.24"]
[SourceVersion "1"]
[SourceVersionDate "2021.10.24"]
[SourceQuality "1"]

1. e4 e5 2. Nf3 Nc6 3. d4 exd4 4. Nxd4 Bc5 5. Nxc6 dxc6 6. Qxd8+ Kxd8 7. Nc3 Be6 8. f3 Nf6 9. Bg5 h6 10. Bh4 Kc8 11. Bf2 Bxf2+ 12. Kxf2 Kd7 13. f4 Ke7 14. Be2 Rad8 15. Rad1 g6 16. b3 g5 17. f5 Bc8 18. h4 Nd7 19. Ke3 Ne5 20. Rxd8 Rxd8 21. hxg5 hxg5 22. Nd1 Kf6 23. Rh7 b6 24. Nf2 c5 25. Nh1 Rg8 26. Ng3 Ke7 27. Nh5 Nd7 28. Rh6 Bb7 29. f6+ Kd6 30. Rh7 Re8 31. Rxf7 Rxe4+ 32. Kf2 Rd4 33. c4 Bc6 34. Rg7 Rd2 35. Rxg5 Rxa2 36. g4 b5 37. Rg8 Ne5 38. Nf4 a5 39. g5 a4 40. Ke3 1-0

[Event "FICGS rapid A 000147 email"]
[Site "FICGS email"]
[Date "2013.09.22"]
[Round "1"]
[White "Delaney, Alan"]
[Black "Simashkevitch, Mykola"]
[Result "1/2-1/2"]
[WhiteElo "1900"]
[BlackElo "2004"]
[PlyCount "102"]
[EventDate "2013.??.??"]
[EventType "tourn (rapid)"]
[EventRounds "6"]
[SourceTitle "Corr 2022"]
[Source "ChessBase"]
[SourceDate "2021.10.24"]
[SourceVersion "1"]
[SourceVersionDate "2021.10.24"]
[SourceQuality "1"]

1. Nf3 d5 2. g3 Bg4 3. Bg2 e6 4. 0-0 c6 5. d4 Nf6 6. Nbd2 Nbd7 7. Re1 Be7 8. e4 0-0 9. c4 dxe4 10. Nxe4 Nxe4 11. Rxe4 Nf6 12. Re1 h6 13. Bf4 Bf5 14. Qe2 Re8 15. a3 Qb6 16. b4 a5 17. c5 Qa6 18. Qb2 Nd5 19. Bd2 b6 20. Bf1 Qa7 21. Ne5 Rec8 22. cxb6 Qxb6 23. Nc4 Qa7 24. Nxa5 Bf6 25. Nb3 c5 26. bxc5 Rab8 27. Rac1 Qb7 28. Bb4 Nxb4 29. axb4 Qxb4 30. Re3 Rxc5 31. Rxc5 Qxc5 32. dxc5 Bxb2 33. c6 Ra8 34. h4 Kf8 35. Nd2 Bd4 36. Rb3 e5 37. Nf3 Rc8 38. Nxd4 exd4 39. Bd3 Be6 40. Rb4 Rxc6 41. Rxd4 Ke7 42. Kf1 Rc1+ 43. Ke2 Ra1 44. Rb4 Kd6 45. Ke3 Kc5 46. Rb5+ Kc6 47. Rb8 Ra3 48. Kd4 Ra4+ 49. Ke5 Ra5+ 50. Kd4 Ra4+ 51. Ke5 Ra5+ 1/2-1/2

[Event "FICGS rapid A 000145 email"]
[Site "FICGS email"]
[Date "2013.08.17"]
[Round "1"]
[White "Cesbron, Guy"]
[Black "Simashkevitch, Mykola"]
[Result "0-1"]
[WhiteElo "1927"]
[BlackElo "1976"]
[PlyCount "82"]
[EventDate "2013.??.??"]
[EventType "tourn (rapid)"]
[EventRounds "6"]
[SourceTitle "Corr 2022"]
[Source "ChessBase"]
[SourceDate "2021.10.24"]
[SourceVersion "1"]
[SourceVersionDate "2021.10.24"]
[SourceQuality "1"]

1. e4 e5 2. Nf3 Nc6 3. Bb5 Nf6 4. 0-0 Nxe4 5. d4 Nd6 6. Bxc6 dxc6 7. dxe5 Nf5 8. Qxd8+ Kxd8 9. Nc3 Ke8 10. h3 h5 11. Bf4 Be7 12. Rad1 Be6 13. Ng5 Rh6 14. Rfe1 Bb4 15. Nge4 Rg6 16. Kh2 b6 17. a3 Bxc3 18. Nxc3 Rd8 19. Rxd8+ Kxd8 20. f3 h4 21. Kg1 c5 22. Kf2 Nd4 23. Rd1 Kc8 24. Rd2 Nc6 25. Nd1 Kb8 26. Ne3 a5 27. Bh2 Rh6 28. f4 Rh5 29. c3 Kb7 30. Kf3 g6 31. Ng4 a4 32. Bg1 Ka6 33. Bf2 Rh8 34. Nf6 Na5 35. Ne4 Kb5 36. Nf6 Nc4 37. Re2 Bc8 38. Be1 Bb7+ 39. Kf2 Rd8 40. Ng4 Rd1 41. Ne3 Rb1 0-1

[Event "FICGS W-ch st1 g17 email"]
[Site "FICGS email"]
[Date "2012.01.01"]
[Round "1"]
[White "Simashkevitch, Mykola"]
[Black "Reboredo, Daniel"]
[Result "1/2-1/2"]
[WhiteElo "2047"]
[BlackElo "1923"]
[PlyCount "116"]
[EventDate "2012.??.??"]
[EventType "tourn (corr)"]
[EventRounds "8"]
[SourceTitle "Corr 2022"]
[Source "ChessBase"]
[SourceDate "2021.10.24"]
[SourceVersion "1"]
[SourceVersionDate "2021.10.24"]
[SourceQuality "1"]

1. e4 c5 2. Nf3 Nc6 3. Bb5 g6 4. Bxc6 bxc6 5. 0-0 Bg7 6. Re1 Nh6 7. c3 0-0 8. d4 Qb6 9. h3 cxd4 10. cxd4 d6 11. Qc2 f5 12. e5 Nf7 13. Nbd2 Qa6 14. Qb3 c5 15. exd6 exd6 16. Ng5 Bd7 17. Re7 Rab8 18. Qg3 Nxg5 19. Rxd7 Nf7 20. dxc5 Qa4 21. Rc7 Rbe8 22. Nf3 Qd1+ 23. Kh2 dxc5 24. a4 a5 25. Rxc5 Rc8 26. Rc7 Rfe8 27. Rxf7 Kxf7 28. Bd2 Qc2 29. Rc1 Qxb2 30. Rc7+ Kg8 31. Bxa5 Qb3 32. Qf4 Qe6 33. Rxc8 Rxc8 34. Qd2 Bf6 35. Bb4 Qc4 36. Qe3 Kg7 37. Bd6 Qxa4 38. Be5 Qc6 39. Ng5 Bxe5+ 40. Qxe5+ Kg8 41. Ne6 Qb7 42. Qd4 Re8 43. Nc5 Qc7+ 44. g3 Qe5 45. Qc4+ Kg7 46. Nd3 Qd6 47. Qc3+ Qf6 48. Qc5 g5 49. Qb5 Re7 50. Qd5 h5 51. h4 gxh4 52. Nf4 hxg3+ 53. fxg3 Kh6 54. Qd2 Qg5 55. Qf2 Rd7 56. Qe1 Kh7 57. Qf2 Qg4 58. Ng2 Rf7 1/2-1/2

[Event "FICGS theme 0001 email"]
[Site "FICGS email"]
[Date "2011.11.22"]
[Round "1"]
[White "Ponce, Trond Magne"]
[Black "Simashkevitch, Mykola"]
[Result "1/2-1/2"]
[WhiteElo "2000"]
[BlackElo "1868"]
[PlyCount "78"]
[EventDate "2011.??.??"]
[EventType "swiss (corr)"]
[EventRounds "1"]
[SourceTitle "Corr 2013"]
[Source "ChessBase"]
[SourceDate "2012.11.12"]
[SourceVersion "1"]
[SourceVersionDate "2012.11.12"]
[SourceQuality "1"]

1. e4 e5 2. Bc4 Nf6 3. Qe2 Nc6 4. Nf3 Be7 5. d3 0-0 6. 0-0 d6 7. h3 Na5 8. a4 Nxc4 9. dxc4 c6 10. Nc3 Be6 11. b3 h6 12. a5 Qc7 13. Rd1 Nd7 14. Ba3 Rfd8 15. Qe3 b6 16. Bb4 Nc5 17. Bxc5 bxc5 18. Nd2 Re8 19. Nf1 f5 20. exf5 Bxf5 21. Qe2 Rad8 22. Ng3 Be6 23. a6 Rf8 24. Rd3 d5 25. Rad1 dxc4 26. Rxd8 Bxd8 27. bxc4 Qf7 28. Nge4 Bxc4 29. Qg4 Bd5 30. f3 Bc7 31. Rb1 Be6 32. Qh4 Bc8 33. Kh1 Bxa6 34. Ra1 Bb7 35. Rxa7 Bb8 36. Ra1 c4 37. Qf2 Bc8 38. Qc5 Bxh3 39. gxh3 Qxf3+ 1/2-1/2

[Event "FICGS theme 0001 email"]
[Site "FICGS email"]
[Date "2011.11.22"]
[Round "1"]
[White "Trigance, Emile"]
[Black "Simashkevitch, Mykola"]
[Result "0-1"]
[WhiteElo "1600"]
[BlackElo "1868"]
[PlyCount "40"]
[EventDate "2011.??.??"]
[EventType "swiss (corr)"]
[EventRounds "1"]
[SourceTitle "Corr 2013"]
[Source "ChessBase"]
[SourceDate "2012.11.12"]
[SourceVersion "1"]
[SourceVersionDate "2012.11.12"]
[SourceQuality "1"]

1. e4 e5 2. Bc4 Nf6 3. d4 exd4 4. Nf3 Nc6 5. 0-0 Nxe4 6. Re1 d5 7. Bxd5 Qxd5 8. Nc3 Qa5 9. Nxe4 Be6 10. Neg5 0-0-0 11. Nxe6 fxe6 12. Rxe6 Bd6 13. a3 Qf5 14. Qe2 Kd7 15. Re4 Rhe8 16. Rxe8 Rxe8 17. Qd2 Ne5 18. Nxd4 Qh5 19. f4 Ng4 20. Nf3 Qc5+ 0-1